Použitie digitálnych a sociálnych nástrojov v transformácii obchodu a ich vplyv na predaj diplomová práca

Salvato in:
Dettagli Bibliografici
Autore principale: Lenner, Marek
Ente Autore: Fakulta hospodárskej informatiky EU. Katedra aplikovanej informatiky
Altri autori: Szivósová, Mária, 1958-
Natura: Libro
Lingua:slovacco
Pubblicazione: Bratislava 2020
Tags: Aggiungi Tag
Nessun Tag, puoi essere il primo ad aggiungerne!!

MARC

LEADER 00000nbm a2200000 4500
001 0266721
005 20210512105928.7
041 0 |a slo 
044 |a SK 
245 1 0 |a Použitie digitálnych a sociálnych nástrojov v transformácii obchodu a ich vplyv na predaj  |b diplomová práca  |c Marek Lenner ; školiteľ: Mária Szivósová 
264 1 |a Bratislava  |c 2020 
300 |a 69 s. 
100 1 |a Lenner, Marek 
700 1 |a Szivósová, Mária, 1958- 
710 2 |a Fakulta hospodárskej informatiky EU. Katedra aplikovanej informatiky